Velký americko-český slovník
Gespeichert in:
| 1. Verfasser: | |
|---|---|
| Format: | Buch |
| Sprache: | Englisch Tschechisch |
| Veröffentlicht: |
Čelákovice
WD Publications
1998
|
| Schlagworte: | |
| Tags: |
Keine Tags, Fügen Sie das erste Tag hinzu!
|
MARC
| LEADER | 00000nam a2200000 4500 | ||
|---|---|---|---|
| 001 | c123289 | ||
| 005 | 20240104114525.9 | ||
| 020 | |a 80-238-0456-1 | ||
| 041 | 0 | |a eng | |
| 041 | 0 | |a cze | |
| 044 | |a CZ | ||
| 245 | 1 | 0 | |a Velký americko-český slovník |c Zpracoval Sinclair Nicholas ; na překladu se podíleli: Miloš Bařina ... [et al.] |
| 264 | 1 | |a Čelákovice |b WD Publications |c 1998 | |
| 300 | |a 1168 s. | ||
| 610 | 2 | 0 | |a jazykoveda |
| 610 | 2 | 0 | |a jazyky cudzie |
| 100 | 1 | |a Nicholas, Sinclair | |